| 000 | 00467nam a22001817a 4500 | ||
|---|---|---|---|
| 003 | MPLRDC | ||
| 005 | 20220104124337.0 | ||
| 008 | 210129b ||||| |||| 00| 0 eng d | ||
| 020 | _a9971-83-440-5 | ||
| 082 | _a738.725 XQH c.2 | ||
| 100 | _a筱崎护 | ||
| 245 |
_a新加坡沦陷三年半 _c陈加昌译 |
||
| 250 | _a三版 | ||
| 260 |
_a _b泛亚通讯社 _c1982 |
||
| 300 | _b平 | ||
| 650 | _a东南亚--新加坡日据时期 | ||
| 942 |
_cBK _o738.725 XQH c.2 |
||
| 999 |
_c18592 _d18582 |
||